[Event "Women's Speed Chess Q8"]
[Site "chess.com INT"]
[Date "2021.06.06"]
[Round "10"]
[White "Gunina, Valentina"]
[Black "Cyfka, Karina"]
[Result "0-1"]
[WhiteTitle "GM"]
[BlackTitle "IM"]
[WhiteElo "2436"]
[BlackElo "2417"]
[WhiteFideId "4167570"]
[BlackFideId "1122681"]
[EventDate "2021.06.06"]

1. d4 e5 2. dxe5 Nc6 3. e4 Nxe5 4. f4 Nc6 5. Nf3 Nf6 6. e5 Ng8 7. Bc4 d6 8. O-O
Bg4 9. Bxf7+ Ke7 10. Bd5 dxe5 11. fxe5 Ke8 12. Be3 Nxe5 13. Nxe5 Bxd1 14. Bf7+
Ke7 15. Bc5+ Qd6 16. Bxd6+ cxd6 17. Nc3 dxe5 18. Nd5+ Kd7 19. Raxd1 Bc5+ 20. Kh1
Kc6 21. b4 Bd4 22. c3 Bb6 23. c4 Bd4 24. Bxg8 Rhxg8 25. Ne7+ Kb6 26. Nxg8 Rxg8
27. Rf7 h5 28. a4 a6 29. c5+ Kc6 30. Rc1 g5 31. Rf6+ Kd5 32. Rd6+ Ke4 33. Re1+
Kf5 34. Rd7 Rb8 35. Rf1+ Ke4 36. a5 Kd3 37. g3 Kc4 38. Rff7 Bc3 39. Rxb7 Rd8 40.
Rf1 Bxb4 41. c6 Rc8 42. Rc1+ Bc3 43. c7 e4 44. Kg2 Kd3 45. Rf1 e3 46. Rf7 e2 47.
Rd7+ Kc2 48. Re7 e1=Q 49. Rxe1 Bxe1 50. Ra7 Bxa5 51. Rxa6 Bc3 52. Rc6 Kd3 53.
Rc5 Bd2 54. h4 Kd4 55. Rc2 Be3 56. hxg5 Bxg5 57. Kh3 Ke5 58. Rc5+ Kf6 59. Kg2
Kg6 60. Kf3 Be7 61. Rc6+ Kf5 62. Kg2 Bg5 63. Kh3 Bf6 64. Rc5+ Kg6 65. Kg2 Be7
66. Rc6+ Kg7 67. Kh3 Bb4 68. Kg2 Ba5 69. Rc5 Bb6 70. Rxh5 Rxc7 71. Rg5+ Kf6 72.
Rg4 Bc5 73. Kh3 Kf5 74. Rf4+ Kg5 75. Rg4+ Kf6 76. Rf4+ Ke5 77. Rf3 Bd4 78. Rf8
Rh7+ 79. Kg2 Rg7 80. Rf3 Ke4 81. Ra3 Be3 82. Ra4+ Bd4 83. Ra3 Rg6 84. Rb3 Be5
85. Rb4+ Kf5 86. Rb3 Rg5 87. Rf3+ Kg6 88. Rb3 Kh5 89. Kh3 Rg7 90. Re3 Re7 91.
Re4 Kg6 92. Kg4 Kf6 93. Re3 Rg7+ 94. Kh3 Kf5 95. Kg2 Rg6 96. Rf3+ Ke4 97. Ra3
Rb6 98. Ra4+ Bd4 99. Ra3 Rb2+ 100. Kh3 Rb8 101. Kg2 Rg8 102. Rb3 Rg5 103. Ra3
Be3 104. Ra4+ Kd3 105. Ra3+ Ke2 106. Ra2+ Bd2 107. Ra3 Be1 108. Ra2+ Bd2 109.
Ra3 Rf5 110. Kh3 Rf1 111. Kg4 Rg1 112. Kf5 Kf2 113. g4 Be3 0-1

[Event "Women's Speed Chess Q8"]
[Site "chess.com INT"]
[Date "2021.06.06"]
[Round "11"]
[White "Klinova, Masha"]
[Black "Gevorgyan, Maria"]
[Result "0-1"]
[WhiteTitle "IM"]
[BlackTitle "WGM"]
[WhiteElo "2275"]
[BlackElo "2219"]
[WhiteFideId "2802015"]
[BlackFideId "13300270"]
[EventDate "2021.06.06"]

1. e4 c5 2. Nf3 Nc6 3. Bb5 g6 4. Bxc6 dxc6 5. d3 Bg7 6. Nc3 Nf6 7. Be3 Nd7 8.
Qd2 h6 9. h3 e5 10. O-O-O b5 11. Nh2 b4 12. Ne2 Qa5 13. Kb1 Nb6 14. Ng4 Be6 15.
b3 h5 16. Nh2 Rd8 17. Qc1 Qb5 18. Nf3 a5 19. Ng5 Bc8 20. Qb2 a4 21. f4 axb3 22.
axb3 O-O 23. fxe5 Rfe8 24. Bf4 Nd7 25. Nxf7 Kxf7 26. e6+ Rxe6 27. e5 Bb7 28.
Rhf1 Kg8 29. Ng3 Ra8 30. Ne4 Nxe5 31. Ng5 Ree8 32. Rde1 Nxd3 0-1

[Event "Women's Speed Chess Q8"]
[Site "chess.com INT"]
[Date "2021.06.06"]
[Round "11"]
[White "Agrest, Inna"]
[Black "Antonova, Nadezhda"]
[Result "1-0"]
[WhiteTitle "WIM"]
[BlackTitle "WFM"]
[WhiteElo "2285"]
[BlackElo "1877"]
[WhiteFideId "1708830"]
[BlackFideId "14700182"]
[EventDate "2021.06.06"]

1. e4 c5 2. Nf3 d6 3. d4 cxd4 4. Nxd4 Nf6 5. Nc3 a6 6. Bg5 Nbd7 7. Qe2 h6 8. Bh4
g6 9. O-O-O Bg7 10. f4 e5 11. Nf3 Qc7 12. f5 O-O 13. fxg6 fxg6 14. Qc4+ Qxc4 15.
Bxc4+ Kh7 16. Rxd6 b5 17. Bd3 Nc5 18. Nxe5 Bb7 19. Bxf6 Rxf6 20. Rxf6 Bxf6 21.
Ng4 Bxc3 22. bxc3 Nxe4 23. Bxe4 Bxe4 24. Nf6+ 1-0

[Event "Women's Speed Chess Q8"]
[Site "chess.com INT"]
[Date "2021.06.06"]
[Round "11"]
[White "Vantika, Agrawal"]
[Black "Kulkarni, Bhakti"]
[Result "1/2-1/2"]
[WhiteTitle "WIM"]
[BlackTitle "IM"]
[WhiteElo "2286"]
[BlackElo "2391"]
[WhiteFideId "25050389"]
[BlackFideId "5019516"]
[EventDate "2021.06.06"]

1. d4 f5 2. Nf3 Nf6 3. g3 g6 4. Bg2 Bg7 5. O-O O-O 6. b3 d5 7. Bb2 b6 8. c4 c6
9. cxd5 cxd5 10. Nc3 Bb7 11. Rc1 Nc6 12. Ne5 Rc8 13. e3 e6 14. Nxc6 Rxc6 15. Qd3
Qd7 16. Ne2 Rfc8 17. Rxc6 Rxc6 18. Rc1 Rxc1+ 19. Nxc1 Qc6 20. Qc3 Ne4 21. Qxc6
Bxc6 22. f3 Nd6 23. Bf1 Bb5 24. Bxb5 Nxb5 25. a4 Nc7 26. Nd3 a5 27. Ba3 Bf8 28.
Bxf8 Kxf8 29. Kf2 Ke7 1/2-1/2

[Event "Women's Speed Chess Q8"]
[Site "chess.com INT"]
[Date "2021.06.06"]
[Round "11"]
[White "Eswaran, Ashritha"]
[Black "Morris-Suzuki, Sophie"]
[Result "1-0"]
[WhiteTitle "WIM"]
[BlackTitle "WFM"]
[WhiteElo "2244"]
[BlackElo "2043"]
[WhiteFideId "2080788"]
[BlackFideId "30922615"]
[EventDate "2021.06.06"]

1. e4 c5 2. Nf3 e6 3. d4 cxd4 4. Nxd4 a6 5. c4 Qc7 6. Nc3 Nf6 7. a3 b6 8. Be3
Bb7 9. f3 d6 10. Rc1 Nbd7 11. Be2 Be7 12. O-O O-O 13. Qd2 Rac8 14. b4 Qb8 15.
Nb3 Bd8 16. Na4 Bc7 17. Kh1 d5 18. exd5 exd5 19. c5 Bxh2 20. Nxb6 Nxb6 21. cxb6
Nh5 22. f4 Rxc1 23. Nxc1 d4 24. Qxd4 Rd8 25. Qe5 Ng3+ 26. Kxh2 Nxf1+ 27. Bxf1
Qa8 28. Bd4 f6 29. Qe6+ Kh8 30. Bxf6 gxf6 31. Qxf6+ Kg8 32. Bc4+ Bd5 33. b7 Qb8
34. Bxd5+ Rxd5 35. Qe6+ Kg7 36. Qxd5 Qxf4+ 37. Kh3 Qe3+ 38. g3 Qh6+ 39. Kg2 Qxc1
40. b8=Q Qc2+ 41. Kh3 Qf5+ 42. Qxf5 Kh6 43. Qbf8# 1-0

[Event "Women's Speed Chess Q8"]
[Site "chess.com INT"]
[Date "2021.06.06"]
[Round "11"]
[White "Socko, Monika"]
[Black "Nikolova, Adriana"]
[Result "1-0"]
[WhiteTitle "GM"]
[BlackTitle "WGM"]
[WhiteElo "2393"]
[BlackElo "2243"]
[WhiteFideId "1106619"]
[BlackFideId "2908689"]
[EventDate "2021.06.06"]

1. e4 c6 2. d4 d5 3. exd5 cxd5 4. Bd3 Nf6 5. c3 Nc6 6. h3 g6 7. Nf3 Bg7 8. O-O
O-O 9. Nbd2 Bf5 10. Bxf5 gxf5 11. Qe2 Ne4 12. Ne1 e6 13. Ndf3 Kh8 14. Nd3 Qc7
15. Bf4 Qb6 16. Kh2 Rg8 17. Rae1 Bf6 18. Nfe5 Nxe5 19. Nxe5 Bxe5 20. Bxe5+ f6
21. Bf4 Rae8 22. f3 Nd6 23. b3 Rg7 24. Rc1 Rge7 25. Qd3 Qa5 26. Bxd6 Rg7 27. a4
Reg8 28. Rf2 Qb6 29. Bf4 Qxb3 30. Rb1 Qxa4 31. Qe3 1-0

[Event "Women's Speed Chess Q8"]
[Site "chess.com INT"]
[Date "2021.06.06"]
[Round "11"]
[White "Kulon, Klaudia"]
[Black "Tokhirjonova, Gulrukhbegim"]
[Result "0-1"]
[WhiteTitle "IM"]
[BlackTitle "WGM"]
[WhiteElo "2363"]
[BlackElo "2344"]
[WhiteFideId "1131044"]
[BlackFideId "14203626"]
[EventDate "2021.06.06"]

1. c4 Nf6 2. g3 e6 3. Bg2 d5 4. Nf3 Be7 5. O-O dxc4 6. Na3 O-O 7. Nxc4 c5 8. a4
Nc6 9. b3 Nd5 10. Bb2 Bf6 11. Nfe5 Nxe5 12. Nxe5 Qc7 13. f4 b6 14. e4 Nb4 15. d4
Rd8 16. Rc1 Ba6 17. Rf3 Qd6 18. Kh1 cxd4 19. Nxf7 Kxf7 20. e5 Qe7 21. exf6 Qxf6
22. Rc4 Bxc4 23. bxc4 Rac8 24. Qb3 a5 25. Rf1 Qf5 26. h3 Qc2 27. Qa3 Rxc4 28.
Rc1 Qe2 29. Rxc4 Qxc4 30. Qf3 Kg8 31. Qb7 Nd5 32. Kh2 Qb4 33. Bc1 d3 34. f5 d2
35. Bxd2 Qxd2 36. fxe6 Ne3 37. e7 Re8 0-1

[Event "Women's Speed Chess Q8"]
[Site "chess.com INT"]
[Date "2021.06.06"]
[Round "11"]
[White "Mkrtchian, Lilit"]
[Black "Kashlinskaya, Alina"]
[Result "1-0"]
[WhiteTitle "IM"]
[BlackTitle "IM"]
[WhiteElo "2388"]
[BlackElo "2494"]
[WhiteFideId "13300601"]
[BlackFideId "4198026"]
[EventDate "2021.06.06"]

1. e4 e6 2. d4 d5 3. Nc3 Bb4 4. e5 Ne7 5. a3 Bxc3+ 6. bxc3 c5 7. Qg4 O-O 8. Bd3
Nbc6 9. Bg5 Qa5 10. Ne2 cxd4 11. f4 dxc3 12. O-O b6 13. Rf3 Ng6 14. Rh3 Qc5+ 15.
Kh1 Nce7 16. Qh5 h6 17. Bxh6 gxh6 18. Qxh6 Rd8 19. Ng3 f5 20. Nh5 Kf7 21. Qg7+
Ke8 22. Nf6# 1-0

[Event "Women's Speed Chess Q8"]
[Site "chess.com INT"]
[Date "2021.06.06"]
[Round "11"]
[White "Zaksaite, Salomeja"]
[Black "Pandey, Srishti"]
[Result "0-1"]
[WhiteTitle "WIM"]
[BlackTitle "WFM"]
[WhiteElo "2202"]
[BlackElo "2026"]
[WhiteFideId "12801496"]
[BlackFideId "35093290"]
[EventDate "2021.06.06"]

1. e4 e6 2. d4 d5 3. Nc3 Bb4 4. Ne2 dxe4 5. a3 Be7 6. Nxe4 Nf6 7. N2g3 O-O 8.
Bd3 b6 9. O-O Bb7 10. Be3 Nbd7 11. c4 Nxe4 12. Nxe4 Nf6 13. Qc2 Nxe4 14. Bxe4
Bxe4 15. Qxe4 Bf6 16. Rfd1 Qd7 17. h3 Rac8 18. Rd2 c6 19. Rad1 Rfd8 20. d5 exd5
21. cxd5 c5 22. b3 h6 23. Rd3 b5 24. Rc1 Qd6 25. Bf4 Qa6 26. Rg3 Re8 27. Qf5 Kh8
28. d6 Rcd8 29. Bxh6 Qxd6 30. Qh5 Kg8 31. Be3 c4 32. bxc4 bxc4 33. Rxc4 Qxa3 34.
Rcg4 Be5 35. Bh6 Qa1+ 36. Kh2 Rd1 37. Bxg7 Rh1# 0-1

[Event "Women's Speed Chess Q8"]
[Site "chess.com INT"]
[Date "2021.06.06"]
[Round "11"]
[White "Bodnaruk, Anastasia"]
[Black "Bulmaga, Irina"]
[Result "1-0"]
[WhiteTitle "IM"]
[BlackTitle "IM"]
[WhiteElo "2446"]
[BlackElo "2440"]
[WhiteFideId "4181751"]
[BlackFideId "13903063"]
[EventDate "2021.06.06"]

1. e4 c5 2. Nc3 Nc6 3. Bb5 Nd4 4. Bc4 a6 5. a4 g6 6. Nf3 Bg7 7. Nxd4 Bxd4 8. O-O
e6 9. d3 d6 10. Kh1 Bg7 11. f4 Ne7 12. Be3 d5 13. exd5 exd5 14. Nxd5 Nxd5 15.
Bxc5 Be6 16. Qf3 Rc8 17. Ba3 Bf8 18. f5 gxf5 19. Rae1 Rxc4 20. dxc4 Nf6 21. Qxf5
Bxa3 22. bxa3 O-O 23. Qxf6 Qxf6 24. Rxf6 Bxc4 25. Rb6 Bd5 26. c4 Bc6 27. a5 Rd8
28. Rb2 Rd3 29. Kg1 Rxa3 30. Re5 Rc3 31. Rc5 Kg7 32. h4 h6 33. Rf2 Rc1+ 34. Kh2
Rc3 35. Rcf5 Be8 36. R2f4 h5 37. Rxh5 Bc6 38. Rg5+ Kf8 39. Rgf5 1-0

[Event "Women's Speed Chess Q8"]
[Site "chess.com INT"]
[Date "2021.06.06"]
[Round "11"]
[White "Varney, Zoe"]
[Black "Von Herman, Brigitte"]
[Result "1-0"]
[WhiteTitle "WCM"]
[BlackTitle "WFM"]
[WhiteElo "1917"]
[BlackElo "1991"]
[WhiteFideId "436135"]
[BlackFideId "4628730"]
[EventDate "2021.06.06"]

1. e4 g6 2. d4 Bg7 3. Nc3 d6 4. Be3 Nd7 5. Qd2 Ngf6 6. O-O-O e6 7. f3 h6 8. g4
a6 9. h4 Nb6 10. Bd3 Qe7 11. Nge2 Bd7 12. g5 hxg5 13. hxg5 Nh5 14. Nf4 Nxf4 15.
Bxf4 O-O-O 16. Be3 Rdg8 17. Be2 Qd8 18. d5 exd5 19. Bxb6 cxb6 20. Nxd5 Bc6 21.
f4 Rxh1 22. Rxh1 Bxd5 23. Qxd5 Qc7 24. Rd1 Bf8 25. Bg4+ Kb8 26. c3 Rh8 27. e5
dxe5 28. fxe5 Ka7 29. Rf1 Be7 30. Rxf7 Bxg5+ 31. Kc2 Qb8 32. Bf3 Rh2+ 33. Kb3
Rf2 34. Rxb7+ Ka8 35. Rxb8+ Kxb8 36. Qb7# 1-0

[Event "Women's Speed Chess Q8"]
[Site "chess.com INT"]
[Date "2021.06.06"]
[Round "11"]
[White "Batsiashvili, Nino"]
[Black "Ambartsumova, Karina"]
[Result "1-0"]
[WhiteTitle "GM"]
[BlackTitle "IM"]
[WhiteElo "2491"]
[BlackElo "2382"]
[WhiteFideId "13602993"]
[BlackFideId "4166299"]
[EventDate "2021.06.06"]

1. c4 Nf6 2. Nc3 e6 3. d4 d5 4. Nf3 Bb4 5. g3 O-O 6. Bg2 Ne4 7. Qc2 Nxc3 8. bxc3
Be7 9. cxd5 exd5 10. O-O c6 11. c4 Be6 12. cxd5 Bxd5 13. e4 Be6 14. Rd1 Na6 15.
Bf4 Qd7 16. Rab1 Nb4 17. Qb2 Bxa2 18. Ra1 Be6 19. Ne5 Qc8 20. d5 cxd5 21. exd5
Bf5 22. d6 Bxd6 23. Rxd6 Qc5 24. Rd4 a5 25. Rc1 Qb5 26. Rd5 Qb6 27. Nd7 Bxd7 28.
Rxd7 Qg6 29. Qb1 Qe6 30. Rxb7 Rad8 31. h4 Nd3 32. Rc6 Qe2 33. Be3 Rfe8 34. Qb3
Rxe3 35. Qxf7+ Kh8 36. Qxg7# 1-0

[Event "Women's Speed Chess Q8"]
[Site "chess.com INT"]
[Date "2021.06.06"]
[Round "11"]
[White "Nemcova, Katerina"]
[Black "Arabidze, Meri"]
[Result "1-0"]
[WhiteTitle "WGM"]
[BlackTitle "IM"]
[WhiteElo "2331"]
[BlackElo "2432"]
[WhiteFideId "322750"]
[BlackFideId "13604040"]
[EventDate "2021.06.06"]

1. e4 c5 2. Nf3 e6 3. d4 cxd4 4. Nxd4 Nc6 5. Nc3 a6 6. Nxc6 bxc6 7. Bd3 d5 8.
O-O Nf6 9. Qf3 Be7 10. Bd2 O-O 11. Rae1 Rb8 12. e5 Nd7 13. Qh3 g6 14. Nd1 Nc5
15. f4 Nxd3 16. cxd3 c5 17. Rf3 Re8 18. Ne3 Rxb2 19. Bc1 Rxa2 20. Ng4 h5 21. Nf2
Kg7 22. g4 Rh8 23. f5 exf5 24. gxf5 Bxf5 25. Rxf5 gxf5 26. Qxf5 Qg8 27. Kh1 Qa8
28. e6 d4+ 29. Ne4 f6 30. Rg1+ Kf8 31. Qg6 1-0

[Event "Women's Speed Chess Q8"]
[Site "chess.com INT"]
[Date "2021.06.06"]
[Round "11"]
[White "Linares Napoles, Oleiny"]
[Black "Belenkaya, Dina"]
[Result "0-1"]
[WhiteTitle "WGM"]
[BlackTitle "WGM"]
[WhiteElo "2255"]
[BlackElo "2341"]
[WhiteFideId "3504794"]
[BlackFideId "24142654"]
[EventDate "2021.06.06"]

1. d4 d5 2. Bf4 Nf6 3. e3 c5 4. c3 Nc6 5. Nd2 Qb6 6. Qc1 Bf5 7. Ngf3 e6 8. h3 h6
9. Be2 Be7 10. O-O O-O 11. dxc5 Bxc5 12. b4 Be7 13. a3 Rac8 14. Qb2 a5 15. Rfc1
Ne4 16. Nxe4 Bxe4 17. Nd4 Nxd4 18. exd4 Rc6 19. b5 a4 20. Qd2 Rcc8 21. Be5 Qa5
22. f3 Bg6 23. Bd3 Bxd3 24. Qxd3 Rc4 25. f4 Qxb5 26. f5 exf5 27. Qxf5 Qc6 28.
Rab1 Bxa3 29. Rf1 Rxc3 30. Qg4 Qg6 31. Qxg6 fxg6 32. Rxb7 Rxf1+ 33. Kxf1 Bf8 34.
Ra7 a3 35. Ke2 Rc2+ 36. Kf3 a2 37. h4 Rc3+ 38. Kf2 Rc2+ 39. Kf3 Kh7 40. g4 Rc3+
41. Kg2 Rc2+ 42. Kf3 Rb2 43. Kg3 Rb3+ 44. Kg2 Ra3 45. Rf7 a1=Q 46. Rxf8 Qb2+ 47.
Rf2 Qb3 48. h5 Qh3+ 49. Kg1 Ra1+ 0-1

[Event "Women's Speed Chess Q8"]
[Site "chess.com INT"]
[Date "2021.06.06"]
[Round "11"]
[White "February, Jesse Nikki"]
[Black "Dong, Khanh Linh"]
[Result "1-0"]
[WhiteTitle "WIM"]
[BlackTitle "WCM"]
[WhiteElo "1863"]
[BlackElo "1970"]
[WhiteFideId "14312336"]
[BlackFideId "12403040"]
[EventDate "2021.06.06"]

1. e4 b6 2. d4 Bb7 3. Nc3 d6 4. Nf3 Nd7 5. Be3 e6 6. Bd3 Ngf6 7. O-O Be7 8. Re1
O-O 9. Bd2 e5 10. dxe5 Nxe5 11. Nxe5 dxe5 12. Qf3 Bc8 13. h3 Be6 14. Rad1 c5 15.
Bb5 Qc7 16. Nd5 Bxd5 17. exd5 e4 18. Qf5 g6 19. Bf4 Qd8 20. Qe5 Nd7 21. Qxe4 Bf6
22. Bc6 Bxb2 23. Bxa8 Qxa8 24. d6 Qxe4 25. Rxe4 Bf6 26. g3 Kg7 27. h4 Rc8 28.
Bg5 Rc6 29. Bxf6+ Kxf6 30. Re7 Nf8 31. Rxa7 Ke6 32. d7 1-0

[Event "Women's Speed Chess Q8"]
[Site "chess.com INT"]
[Date "2021.06.06"]
[Round "11"]
[White "Dordzhieva, Dinara"]
[Black "Gunina, Valentina"]
[Result "0-1"]
[WhiteTitle "WGM"]
[BlackTitle "GM"]
[WhiteElo "2311"]
[BlackElo "2436"]
[WhiteFideId "24157570"]
[BlackFideId "4167570"]
[EventDate "2021.06.06"]

1. Nf3 d5 2. d4 Nf6 3. c4 c6 4. g3 Bf5 5. Nc3 e6 6. Nh4 Be4 7. f3 Bg6 8. Nxg6
hxg6 9. Qb3 Qc7 10. Bf4 dxc4 11. Qxc4 Bd6 12. Bxd6 Qxd6 13. e4 Qe7 14. Bg2 Nbd7
15. O-O Rd8 16. Rad1 Nb6 17. Qe2 O-O 18. f4 Qb4 19. a3 Qc4 20. Qf2 c5 21. d5
exd5 22. exd5 Nbxd5 23. Nxd5 Nxd5 24. Rc1 Qb3 25. Rxc5 Rfe8 26. Rfc1 Ne3 27.
R5c3 Qb6 28. Bf3 Rd6 29. Rc7 Rd3 30. Rxb7 Qd6 31. Rbc7 Rd2 32. Qe1 Qd4 33. Kh1
Qxb2 34. Rc8 Rxc8 35. Rxc8+ Kh7 36. Qxe3 Qb1+ 37. Qg1 Qd3 38. Bg2 Rd1 39. Rc1
Rxg1+ 40. Rxg1 Qxa3 41. Rd1 a5 42. Be4 Qa4 43. Re1 Qb4 44. Re2 Qc4 45. Re1 Qb4
46. Re2 a4 47. f5 gxf5 48. Bxf5+ g6 49. Be4 a3 50. Bd5 Qd4 51. Bf3 Qa1+ 52. Kg2
a2 53. Bd5 Qd1 54. Rxa2 Qxd5+ 55. Kf2 Qxa2+ 56. Kf3 Qxh2 0-1

[Event "Women's Speed Chess Q8"]
[Site "chess.com INT"]
[Date "2021.06.06"]
[Round "11"]
[White "Fominykh, Maria"]
[Black "Antolak, Julia"]
[Result "0-1"]
[WhiteTitle "WGM"]
[BlackTitle "WIM"]
[WhiteElo "2206"]
[BlackElo "2309"]
[WhiteFideId "4142411"]
[BlackFideId "1159569"]
[EventDate "2021.06.06"]

1. Nf3 Nf6 2. g3 g6 3. Bg2 Bg7 4. O-O O-O 5. d3 d6 6. e4 c6 7. Nbd2 Qa5 8. c3
Qh5 9. Ne1 Bg4 10. f3 Bh3 11. Qe2 Bxg2 12. Nxg2 Qc5+ 13. d4 Qb6 14. Kh1 e5 15.
Nc4 Qc7 16. dxe5 dxe5 17. a4 Nbd7 18. Rd1 Nb6 19. Nge3 Rfd8 20. Bd2 Ne8 21. a5
Nxc4 22. Nxc4 Qe7 23. Be3 Nc7 24. Rxd8+ Qxd8 25. Rd1 Qe7 26. Qf2 Nb5 27. Bc5 Qc7
28. Qd2 Bf8 29. Bxf8 Kxf8 30. Qd7 Rc8 31. Qxc7 Rxc7 32. Nxe5 Re7 33. Nc4 f5 34.
Rd8+ Kg7 35. e5 g5 36. f4 gxf4 37. gxf4 Nc7 38. Kg2 Ne6 39. Ra8 Nxf4+ 40. Kf3
Nd3 41. Rxa7 Kg6 42. a6 Nxe5+ 43. Nxe5+ Rxe5 44. Rxb7 Ra5 45. a7 Kg5 46. Rg7+
Kh6 47. Rf7 Kg6 48. Rc7 Kg5 49. b4 Ra3 50. Ke2 Kf4 51. c4 Ke4 52. b5 cxb5 53.
cxb5 Ra2+ 54. Kd1 f4 55. b6 f3 56. b7 f2 57. Rf7 Kd3 58. Rxf2 Ra1# 0-1

[Event "Women's Speed Chess Q8"]
[Site "chess.com INT"]
[Date "2021.06.06"]
[Round "11"]
[White "Varshini, V"]
[Black "Komiagina, Maria"]
[Result "1-0"]
[WhiteTitle "WGM"]
[BlackTitle "WIM"]
[WhiteElo "2226"]
[BlackElo "2241"]
[WhiteFideId "5091241"]
[BlackFideId "4153987"]
[EventDate "2021.06.06"]

1. e4 c5 2. Nc3 Nc6 3. Nge2 d6 4. g3 Nf6 5. Bg2 e6 6. d3 Be7 7. O-O O-O 8. f4
Rb8 9. h3 Nd4 10. g4 b5 11. Ng3 b4 12. Nce2 Nxe2+ 13. Qxe2 Nd7 14. g5 g6 15. h4
Re8 16. f5 exf5 17. exf5 Bf8 18. Qf2 Ne5 19. h5 Bb7 20. Bf4 Qd7 21. Bxe5 Rxe5
22. Bxb7 Qxb7 23. fxg6 hxg6 24. Ne4 Bg7 25. h6 Bh8 26. Qf4 Rf5 27. Qxd6 Rd5 28.
Qg3 Bd4+ 29. Kg2 Kh7 30. Rf3 Rf8 31. Raf1 Rd7 32. Qg4 Bxb2 33. c3 Bxc3 34. Rc1
Bd4 35. Rc4 Bh8 36. Qf4 Re7 37. Nf6+ Bxf6 38. Qxf6 Rd7 39. Qg7# 1-0

[Event "Women's Speed Chess Q8"]
[Site "chess.com INT"]
[Date "2021.06.06"]
[Round "11"]
[White "Obregon Garcia, Roxangel"]
[Black "Eswaran, Aksithi"]
[Result "1-0"]
[WhiteTitle "WIM"]
[BlackTitle "WCM"]
[WhiteElo "2167"]
[BlackElo "1745"]
[WhiteFideId "3520420"]
[BlackFideId "2083485"]
[EventDate "2021.06.06"]

1. e4 c5 2. Nf3 Nc6 3. d4 cxd4 4. Nxd4 Nf6 5. Nc3 e5 6. Ndb5 d6 7. Bg5 a6 8. Na3
Be6 9. Nc4 Rc8 10. Ne3 Be7 11. Be2 O-O 12. Bxf6 Bxf6 13. O-O Bg5 14. Ncd5 Ne7
15. c3 Bxe3 16. Nxe3 d5 17. exd5 Nxd5 18. Nxd5 Bxd5 19. Bf3 Bxf3 20. Qxf3 Qb6
21. b3 Rfe8 22. Rfe1 Qa5 23. c4 Qb6 24. Rad1 Re6 25. Rd7 Rf8 26. Rxb7 Qa5 27.
Re2 e4 28. Qe3 f5 29. h3 f4 30. Qd4 Qg5 31. Rxe4 Rxe4 32. Qxe4 f3 33. Qd5+ Qxd5
34. cxd5 fxg2 35. Kxg2 Rd8 36. Rb6 Rxd5 37. Rxa6 Rd2 38. Ra7 Rb2 39. Kg3 h6 40.
h4 Kh7 41. h5 Rb1 42. f4 Rg1+ 43. Kf3 Rf1+ 44. Kg4 Rg1+ 45. Kf5 Rd1 46. b4 Rd5+
47. Kg4 Rd4 48. b5 Rb4 49. a4 Rb1 50. f5 Rb4+ 51. Kf3 Rb3+ 52. Ke4 Rb4+ 53. Ke5
Rg4 54. f6 Rg5+ 55. Ke6 Rxh5 56. Rxg7+ Kh8 57. b6 Ra5 58. b7 Ra6+ 59. Kd7 Rb6
60. Kc7 Rxf6 61. Rd7 Rf8 62. Rd8 h5 63. Rxf8+ Kg7 64. b8=Q 1-0

[Event "Women's Speed Chess Q8"]
[Site "chess.com INT"]
[Date "2021.06.06"]
[Round "11"]
[White "Mohota, Nisha"]
[Black "Kanyamarala, Trisha"]
[Result "0-1"]
[WhiteTitle "IM"]
[BlackTitle "WIM"]
[WhiteElo "2195"]
[BlackElo "2180"]
[WhiteFideId "5004330"]
[BlackFideId "45004722"]
[EventDate "2021.06.06"]

1. d4 Nf6 2. c4 e6 3. Nc3 Bb4 4. e3 d5 5. a3 Bxc3+ 6. bxc3 c5 7. cxd5 Qxd5 8.
Nf3 cxd4 9. cxd4 Nc6 10. Be2 O-O 11. O-O Rd8 12. Bb2 b6 13. Ne5 Bb7 14. Bf3 Qd6
15. Qa4 Nd5 16. Nxc6 Bxc6 17. Qb3 Qd7 18. e4 Nf4 19. Qe3 Ng6 20. Rfd1 Nh4 21.
Be2 Qb7 22. g3 Ng6 23. f3 Ne7 24. Rd2 Rac8 25. h4 Ba4 26. Kh2 Nc6 27. h5 h6 28.
d5 exd5 29. exd5 Na5 30. Qd4 f6 31. Qxa4 Rxd5 32. Rxd5 Qxd5 33. g4 Qd6+ 34. Kg2
Qe6 35. Qe4 Qd6 36. Bd3 Rd8 37. Qh7+ Kf8 38. Rd1 Qf4 39. Qh8+ Kf7 40. Bc4+ Nxc4 0-1

[Event "Women's Speed Chess Q8"]
[Site "chess.com INT"]
[Date "2021.06.06"]
[Round "11"]
[White "Doluhanova, Evgeniya"]
[Black "Gaponenko, Inna"]
[Result "0-1"]
[WhiteTitle "WGM"]
[BlackTitle "IM"]
[WhiteElo "2192"]
[BlackElo "2357"]
[WhiteFideId "14112035"]
[BlackFideId "14101181"]
[EventDate "2021.06.06"]

1. e4 g6 2. d4 Bg7 3. Nf3 d6 4. Bf4 b6 5. Nbd2 Bb7 6. Bc4 Nd7 7. Qe2 e6 8. h4 h6
9. O-O-O Ngf6 10. h5 Nxh5 11. Be3 Qf6 12. e5 dxe5 13. dxe5 Nxe5 14. Bb5+ Kf8 15.
Bd4 Bxf3 16. Nxf3 Qf4+ 17. Be3 Qb4 18. c3 Qa5 19. Bd4 Nxf3 20. Qxf3 Rb8 21. Bd7
Bxd4 22. Rxd4 Qxa2 23. Rxh5 gxh5 24. Qf6 Rh7 25. Rf4 Kg8 26. Qe7 Rf8 27. Be8 Qd5
28. Bd7 Qg5 29. Qxg5+ hxg5 30. Rf6 Rd8 31. Bc6 Rd6 32. Bb5 Kg7 33. Rf3 Rh8 34.
g3 Rhd8 35. Kc2 Rh8 36. Re3 h4 37. gxh4 gxh4 38. Rh3 Kg6 39. Be2 Kg5 40. Bf3 f5
41. Rh1 e5 42. Bb7 h3 43. f3 Kf4 44. b4 h2 45. Ba6 Rg6 46. Be2 Rg1 0-1

[Event "Women's Speed Chess Q8"]
[Site "chess.com INT"]
[Date "2021.06.06"]
[Round "11"]
[White "Hng, Mei-En Emmanuelle"]
[Black "Priyanka, K"]
[Result "0-1"]
[WhiteTitle "WFM"]
[BlackTitle "WIM"]
[WhiteElo "2013"]
[BlackElo "2218"]
[WhiteFideId "5804566"]
[BlackFideId "5082986"]
[EventDate "2021.06.06"]

1. e4 c5 2. d4 cxd4 3. c3 dxc3 4. Nxc3 Nc6 5. Bc4 e6 6. Nf3 a6 7. O-O Nge7 8.
Bg5 h6 9. Bh4 g5 10. Bg3 Bg7 11. Re1 Ng6 12. Nd5 Nce5 13. Nxe5 Nxe5 14. Bxe5
Bxe5 15. Nc3 Qc7 16. Qe2 Bxh2+ 17. Kf1 Be5 18. Rac1 O-O 19. Bb3 Qd8 20. Na4 b5
21. Nc5 d6 22. Nd3 Qf6 23. Nxe5 Qxe5 24. Qh5 Kg7 25. Rc3 Bb7 26. Rh3 Qf6 27. Kg1
Rac8 28. Rf3 Qg6 29. Qg4 h5 30. Qg3 Bxe4 31. Rfe3 d5 32. f3 Bf5 33. Re5 h4 34.
Qf2 Qf6 35. R5e2 Rfd8 36. Qa7 d4 37. Qxa6 d3 38. Rd2 Qd4+ 39. Kh1 Qf4 40. Qxb5
Qxd2 41. Qe5+ Kg6 42. Rd1 Qf4 43. Qb5 d2 44. Kg1 Rc1 45. Qe2 Rxd1+ 46. Qxd1 Qe3+
47. Kh1 Qe1+ 48. Kh2 Qxd1 49. Bxd1 Rc8 0-1